Statistics for Pretty Little Liars Quiz

Click here to take the quiz!

General Stats

  • This quiz has been taken 444 times
  • The average score is 11 of 15

Answer Stats

HintAnswer% Correct
What is the name of the teacher that Aria shares a love interest with?Ezra Fitz
99%
Who was revealed as A in the season 2 finale?Mona Vanderwaal
97%
In which season did Maya die?Season Two
95%
In the episode 'Game Over Charles', who was revealed as A?Cece Drake
94%
Which one of Emily's lovers was nicknamed 'Pigskin' by Alison?Paige McCullers
92%
Which character was blind for a large majority of the series?Jenna Marshall
91%
What is the colour of the infamous top which was worn by mutiple girls on the night of Alison's disappearence?Yellow
91%
Which character said this quote?- "You know what they say about hope. It breeds eternal misery."Spencer Hastings
87%
What is the name of Emily's father?Wayne
77%
Who allegedly killed Marion Cavanaugh?Bethany Young
76%
Complete this quote - "It's immortality, my ________"Darlings
71%
What does Toby's tattoo say?901 Free At Last
49%
Which A Team villain was secretly portrayed by Alison DiLaurentis, Cece Drake and Sara Harvey?Red Coat
46%
What was Lucas horribly nicknamed by Alison?Hermy the Hermaphrodite
43%
What was the name of the episode in which the liars found out who was buried in Alison's grave?Miss Me x100
10%

Score Distribution

Percentile by Number Answered

Percent of People with Each Score

Your Score History

You have not taken this quiz